1001 1259 1111 1076 1877 1657 1262 1709 1482 1067 1384 1559 1477 1969 1731 1871 1219 1301 1470 1724 1959 1475 1951 1360 1925 1171 1002 1116 1926 1121 1364 1388 1120 1915 1067 1937 1018 1246 1596 1401 1034 1829 1302 1517 1029 1884 1630 1978 1962 1341 1531 1055 1691 1519 1909 1807 1492 1981 1581 1022 1136 1004 1177 1518 1875 1169 1137 1955 1527 1114 1393 1378 1557 1681 1857 1749 1609 1760 1735 1926 1137 1014 1320 1103 1442 1282 1138 1722 1019 1833 1104 1869 1334 1500 1906 1679 1521 1318 1662 BCNSPRNW ULIB Ver.6.0+V

เปลี่ยนเป็นภาษาไทย

Change to English
 แสดงรายละเอียดบรรณานุกรม
  กลับหน้าหลัก

Brief Record : Get Marc (ISO 2709) : E-mail record : QR code < ปิดหน้าต่าง
LEADER : 00000nam 2200000uu 4500
001    13399129099
003     ULIB
008    250716s2567||||th 000 0 tha d
020    ^a9789740343417
050  4 ^aLB2369^bอ251ก
100 0  ^aอภิชัย วรรธนะพิศิษฐ์,^eผู้แต่ง
245 1  ^aการเขียนเพื่อการตีพิมพ์ในวารสารวิชาการ :^bคู่มือสำหรับแพทย์ประจำบ้าน นักวิชาการ นักวิจัย และผู้ปฏิบัติงานด้านเวชศาสตร์ครอบครัว และระบบบริการปฐมภูมิ = Writing for publication in scholarly journals : a guide for residents, scholars, researchers, and practitioners in family medicine and primary care /^cอภิชัย วรรธนะพิศิษฐ์
246 3  ^aWriting for publication in scholarly journals : a guide for residents, scholars, researchers, and practitioners in family medicine and primary care.
246 3  ^aWriting for publication in scholarly journals :^ba guide for residents, scholars, researchers, and practitioners in family medicine and primary care
250    ^aพิมพ์ครั้งที่ 1.
260    ^aกรุงเทพฯ :^bสำนักพิมพ์จุฬาลงกรณ์มหาวิทยาลัย,^c2567.
300    ^ax, 159 หน้า :^bภาพประกอบ, แผนภูมิ ;^c26 ซม
505 0  ^a^tการเขียนเพื่อการตีพิมพ์ในวารสารวิชาการ -- ฐานข้อมูล -- การเขียนบทความวิจัย -- การเขียนบทความประเภทอื่น -- การส่งต้นฉบับและประเด็นการตีพิมพ์.
505 2  ^aการเขียนเพื่อการตีพิมพ์ในวารสารวิชาการ -- ฐานข้อมูล -- การเขียนบทความวิจัย -- การเขียนบทความประเภทอื่น -- การส่งต้นฉบับและประเด็นการตีพิมพ์
650  4 ^aการเขียนทางการแพทย์^vคู่มือ.
650  4 ^aการเขียนทางวิชาการ^vคู่มือ.
650  4 ^aการจัดพิมพ์เอกสารวิชาการ
650  7 ^aการเขียนทางการแพทย์
650  7 ^aการเขียนทางวิชาการ
650 0  ^aการเขียนทางวิชาการ^xคู่มือ.
945    ^p260^l0^i011854
945    ^p260^l0^i011855
945    ^p260^l0^i011856
999    ^aประนอม เกษจรัล
รายการนี้ยังไม่มีแท็ก
คุณยังไม่ได้ล็อกอิน คุณสามารถมีกิจกรรมร่วมกับเว็บไซต์ได้ แต่ต้องล็อกอินก่อน ::
  ล็อกอิน

รายการสื่อสารสนเทศ

ลำดับที่ ประเภท เลขเรียก/บาร์โค้ด สถานที่ สถานะ
1. การศึกษาทั่วไป
หนังสือสำรอง
สถานะ=หนังสือสำรอง
LB2369 อ251ก ฉ.1 
  Barcode: 011854
ห้องสมุดวิทยาเขตสวรรค์ประชารักษ์
►หนังสือทั่วไป
บนชั้น
2. การศึกษาทั่วไป
การศึกษาทั่วไป
LB2369 อ251ก ฉ.2 
  Barcode: 011855
ห้องสมุดวิทยาเขตสวรรค์ประชารักษ์
►หนังสือทั่วไป
บนชั้น
3. การศึกษาทั่วไป
การศึกษาทั่วไป
LB2369 อ251ก ฉ.3 
  Barcode: 011856
ห้องสมุดวิทยาเขตสวรรค์ประชารักษ์
►หนังสือทั่วไป
บนชั้น

รายการใกล้เคียง
    หัวเรื่อง [การจัดพิมพ์เอกสารวิชาการ]
    หัวเรื่อง [การเขียนทางการแพทย์]
    หัวเรื่อง [การเขียนทางวิชาการ]

BibComment


ยังไม่เคยถูกคอมเมนท์

คอมเมนท์ทรัพยากรรายการนี้
  คอมเมนท์: การเขียนเพื่อการ..


 Copyright 2026. Bcnsprnw @Library